000 00370nam a2200133Ia 4500
008 210210b1968 xxu||||| |||| 00| 0 eng d
082 _a351 PURH
100 _aPURI (B N).
245 _aHistory of Indian administration. Vol.1 Ancient period.
260 _aBombay
_bBharatiya Vidhya Bhavan
_c1968
300 _avi,304
690 _aPublic Administration
906 _a027563
999 _c78849
_d78849